High speed LAN technology handbook / (Record no. 712)

MARC details
000 -LEADER
fixed length control field 00671nac a22001811u 4500
008 - FIXED-LENGTH DATA ELEMENTS--GENERAL INFORMATION
fixed length control field 100906s2000 n |||||ri 001 0 eng d
010 ## - LIBRARY OF CONGRESS CONTROL NUMBER
LC control number 00021628
020 ## - INTERNATIONAL STANDARD BOOK NUMBER
International Standard Book Number 3540665978 (hc. : alk. paper)
020 ## - INTERNATIONAL STANDARD BOOK NUMBER
International Standard Book Number 9783540665977
082 00 - DEWEY DECIMAL CLASSIFICATION NUMBER
Classification number 004.68
Item number CHO
Edition number 22
100 ## - MAIN ENTRY--PERSONAL NAME
Personal name Chowdhury, Dhiman Deb.
9 (RLIN) 18244
245 10 - TITLE STATEMENT
Title High speed LAN technology handbook /
Statement of responsibility, etc Dhiman Deb Chowdhury.
260 ## - PUBLICATION, DISTRIBUTION, ETC. (IMPRINT)
Place of publication, distribution, etc Berlin ;
-- New York :
Name of publisher, distributor, etc Springer,
Date of publication, distribution, etc c2000.
300 ## - PHYSICAL DESCRIPTION
Extent xiv, 497 p. :
Other physical details ill. ;
Dimensions 25 cm.
504 ## - BIBLIOGRAPHY, ETC. NOTE
Bibliography, etc Includes bibliographical references (p. [469]-472) and index.
650 #0 - SUBJECT ADDED ENTRY--TOPICAL TERM
Topical term or geographic name as entry element Local area networks (Computer networks)
Form subdivision Handbooks, manuals, etc.
9 (RLIN) 18245
942 ## - ADDED ENTRY ELEMENTS (KOHA)
Item type Book - Borrowing
Call number prefix 004.68 CHO
Source of classification or shelving scheme Dewey Decimal Classification
Holdings
Withdrawn status Item status Source of classification or shelving scheme Damaged status Not for loan Vendor Home library Current library Shelving location Date acquired Source of acquisition Cost, normal purchase price Total Checkouts Full call number Barcode Date last seen Cost, replacement price Koha item type
    Dewey Decimal Classification       Central Library Central Library Lower Floor 25/07/2006   340.00   004.68 CHO 000003888 15/07/2025 425.00 Book - Borrowing